| 000 | 01285nam a2200325 a 4500 | ||
|---|---|---|---|
| 001 | ebr5003895 | ||
| 003 | CaPaEBR | ||
| 006 | m u | ||
| 007 | cr cn||||||||| | ||
| 008 | 961017s1997 ctu sb 001 0 eng | ||
| 010 | _z 96040911 | ||
| 020 | _z156720063X (alk. paper) | ||
| 040 |
_aCaPaEBR _cCaPaEBR |
||
| 035 | _a(OCoLC)70768601 | ||
| 050 | 1 | 4 |
_aHF5822 _b.P49 1997eb |
| 082 | 0 | 4 |
_a659.1/01/9 _221 |
| 100 | 1 | _aPhillips, Michael J. | |
| 245 | 1 | 0 |
_aEthics and manipulation in advertising _h[electronic resource] : _banswering a flawed indictment / _cMichael J. Phillips. |
| 260 |
_aWestport, Conn. : _bQuorum, _c1997. |
||
| 300 | _ax, 207 p. | ||
| 504 | _aIncludes bibliographical references (p. [197]-203) and index. | ||
| 533 |
_aElectronic reproduction. _bPalo Alto, Calif. : _cebrary, _d2013. _nAvailable via World Wide Web. _nAccess may be limited to ebrary affiliated libraries. |
||
| 650 | 0 |
_aAdvertising _xPsychological aspects. |
|
| 650 | 0 |
_aAdvertising _xMoral and ethical aspects. |
|
| 650 | 0 | _aManipulative behavior. | |
| 650 | 0 | _aConsumer behavior. | |
| 655 | 7 |
_aElectronic books. _2local |
|
| 710 | 2 | _aebrary, Inc. | |
| 856 | 4 | 0 |
_uhttp://site.ebrary.com/lib/rucke/Doc?id=5003895 _zAn electronic book accessible through the World Wide Web; click to view |
| 999 |
_c660 _d660 |
||